Govt. of
Madhya Pradesh

Ragamala Painting (Record no. 15575)

MARC details
000 -LEADER
fixed length control field 005230000a22001930004500
001 - CONTROL NUMBER
control field 003678
003 - CONTROL NUMBER IDENTIFIER
control field MACL
005 - DATE AND TIME OF LATEST TRANSACTION
control field 20151119135644.0
008 - FIXED-LENGTH DATA ELEMENTS--GENERAL INFORMATION
fixed length control field 151119b xxu||||| |||| 00| 0 eng d
040 ## - CATALOGING SOURCE
Original cataloging agency MACL
Transcribing agency macl
041 ## - LANGUAGE CODE
Language code of text/sound track or separate title English
082 ## - DEWEY DECIMAL CLASSIFICATION NUMBER
Classification number 750/ART
100 ## - MAIN ENTRY--PERSONAL NAME
Personal name Gill, Dr. Ranjit singh
9 (RLIN) 17544
245 ## - TITLE STATEMENT
Title Ragamala Painting
Remainder of title A Journey From Misic to Art
Statement of responsibility, etc. Dr. Ranjit singh Gill
260 ## - PUBLICATION, DISTRIBUTION, ETC. (IMPRINT)
Place of publication, distribution, etc. Aravali Books International
Date of publication, distribution, etc. 2006
350 ## - PRICE (NR) (BK AM CF MU VM SE) [OBSOLETE]
Price 1500
650 ## - SUBJECT ADDED ENTRY--TOPICAL TERM
Topical term or geographic name as entry element Painting & Paintings
9 (RLIN) 7566
942 ## - ADDED ENTRY ELEMENTS (KOHA)
Call number prefix 750
Koha item type Books
Source of classification or shelving scheme
Holdings
Withdrawn status Lost status Source of classification or shelving scheme Damaged status Not for loan Home library Current library Date acquired Cost, normal purchase price Total Checkouts Full call number Barcode Date last seen Uniform Resource Identifier Price effective from Koha item type
          MACL MACL 15/04/2015 1500.00   750 CRE021410 02/05/2024 15473 15/04/2015 Books